000
00198nam a2200073Ia 4500
008
170524s9999 xx 000 0 und d
100
_a
UPADHYAYA- SHIVDUTT
245
0
_a
AUDYOGIK PRABAND EVAM UDYAMITA VIKAS
260
_b
BHARAT BHARTI
999
_c
7729
_d
7729